[Event "IBM"]
[Site "Amsterdam"]
[Date "1978.??.??"]
[Round "13"]
[White "Andersson, Ulf"]
[Black "Adorjan, Andras"]
[Result "1-0"]
[WhiteElo "2545"]
[BlackElo "2515"]
[PlyCount "125"]
[EventDate "1978.07.12"]
[EventType "tourn"]
[EventRounds "13"]
[EventCountry "NED"]
[EventCategory "12"]
[Source "ChessBase"]
[SourceDate "1999.07.01"]
[WhiteTeamCountry "CSR"]
[BlackTeamCountry "HUN"]

1. Nf3 c5 2. b3 d5 3. e3 Nf6 4. Bb2 g6 5. c4 Bg7 6. cxd5 Qxd5 7. Nc3 Qd8 8. Ne4
Nbd7 9. Rc1 b6 10. Nxf6+ Nxf6 11. d4 cxd4 12. Nxd4 O-O 13. Be2 Bb7 14. Bf3 Ne4
15. O-O Rc8 16. Qe2 Qd7 17. Rcd1 Qe8 18. a4 Nc3 19. Bxc3 Bxf3 20. Qxf3 Rxc3 21.
Qb7 Bxd4 22. Rxd4 Rxb3 23. Qxa7 e5 24. Rd7 Qe6 25. h3 Rb4 26. Rfd1 Qf5 27. Rd8
Rb2 28. R8d2 Rxd2 29. Rxd2 Qe4 30. Kh2 Ra8 31. Qxb6 Qxa4 32. Qf6 e4 33. Rd4 Qe8
34. g4 Rc8 35. Kg2 Rc6 36. Rd8 Rxf6 37. Rxe8+ Kg7 38. Rxe4 Ra6 39. h4 Ra5 40.
Kg3 h6 41. f4 Ra1 42. Re5 Rg1+ 43. Kf3 Rh1 44. h5 gxh5 45. Rxh5 Ra1 46. Rd5 Ra3
47. Rd6 Rc3 48. f5 Rb3 49. Kf4 Ra3 50. Rd4 Rb3 51. e4 f6 52. Rd7+ Kg8 53. e5
fxe5+ 54. Kxe5 Rg3 55. Ke6 Rxg4 56. Rd8+ Kh7 57. f6 Re4+ 58. Kf5 Re1 59. f7
Rf1+ 60. Ke6 Re1+ 61. Kd6 Rd1+ 62. Kc7 Rc1+ 63. Kb6 1-0

[Event "Budapest Tungsram"]
[Site "Budapest"]
[Date "1978.??.??"]
[Round "?"]
[White "Adorjan, Andras"]
[Black "Groszpeter, Attila"]
[Result "1/2-1/2"]
[WhiteElo "2515"]
[BlackElo "2230"]
[PlyCount "68"]
[EventDate "1978.08.??"]
[EventType "tourn"]
[EventRounds "15"]
[EventCountry "HUN"]
[EventCategory "9"]
[Source "ChessBase"]
[SourceDate "1999.07.01"]
[WhiteTeamCountry "CSR"]
[BlackTeamCountry "HUN"]

1. c4 c5 2. Nf3 Nc6 3. d4 cxd4 4. Nxd4 g6 5. e4 Bg7 6. Be3 Nf6 7. Nc3 O-O 8.
Be2 b6 9. O-O Bb7 10. f3 d6 11. Qd2 Nxd4 12. Bxd4 e6 13. Rad1 Qe7 14. Qg5 Rfd8
15. Rd2 Rd7 16. Rfd1 Rad8 17. Qh4 Nd5 18. Qxe7 Bxd4+ 19. Rxd4 Nxe7 20. Nb5 Nc8
21. Kf2 Kf8 22. h4 h6 23. R4d2 Ke7 24. g3 a6 25. Nc3 Rc7 26. g4 Rg8 27. Bd3 Rf8
28. Re1 Rg8 29. Kg3 Rf8 30. Rh2 Na7 31. Rhe2 Kf6 32. f4 Nc6 33. Rd2 Nd4 34. Ne2
Nxe2+ 1/2-1/2

[Event "Budapest Tungsram"]
[Site "Budapest"]
[Date "1978.??.??"]
[Round "?"]
[White "Adorjan, Andras"]
[Black "Hardicsay, Peter"]
[Result "1-0"]
[WhiteElo "2515"]
[BlackElo "2355"]
[Annotator "ChessBase"]
[PlyCount "59"]
[EventDate "1978.08.??"]
[EventType "tourn"]
[EventRounds "15"]
[EventCountry "HUN"]
[EventCategory "9"]
[Source "ChessBase"]
[SourceDate "1999.07.01"]
[WhiteTeamCountry "CSR"]
[BlackTeamCountry "HUN"]

1. c4 Nf6 2. Nc3 e6 3. e4 c5 4. e5 Ng8 5. Nf3 Nc6 6. d4 cxd4 7. Nxd4 Nxe5 8.
Ndb5 a6 9. Nd6+ Bxd6 10. Qxd6 f6 11. Bf4 Nf7 12. Qa3 Ne7 13. Be2 Nc6 $6 (13...
O-O 14. Rd1 d5 15. cxd5 Nxd5 16. O-O Nxc3 17. Qxc3 {^^}) 14. Rd1 Qa5 15. Qxa5
Nxa5 16. Bc7 b6 $8 (16... Nc6 17. Na4 Ke7 18. Nb6 Ra7 19. c5 {><c8}) 17. c5 $16
Bb7 18. O-O Bc6 19. Bxb6 Nb7 20. b4 d6 21. Rfe1 e5 22. Bc4 dxc5 23. bxc5 O-O
24. Nd5 $18 {Pc5,^^} Bb5 25. Bxb5 axb5 26. c6 Nbd8 27. Ne7+ Kh8 28. Bxd8 Nxd8
29. c7 Ne6 30. Rc1 1-0

[Event "Budapest Tungsram"]
[Site "Budapest"]
[Date "1978.??.??"]
[Round "?"]
[White "Adorjan, Andras"]
[Black "Lukacs, Peter"]
[Result "1/2-1/2"]
[WhiteElo "2515"]
[BlackElo "2460"]
[PlyCount "45"]
[EventDate "1978.08.??"]
[EventType "tourn"]
[EventRounds "15"]
[EventCountry "HUN"]
[EventCategory "9"]
[Source "ChessBase"]
[SourceDate "1999.07.01"]
[WhiteTeamCountry "CSR"]
[BlackTeamCountry "HUN"]

1. e4 e5 2. Nf3 Nc6 3. Bb5 a6 4. Ba4 Nf6 5. O-O Be7 6. Re1 b5 7. Bb3 O-O 8. a4
Bb7 9. d3 d6 10. Nc3 Na5 11. Ba2 b4 12. Ne2 c5 13. c3 c4 14. Ng3 bxc3 15. bxc3
cxd3 16. Qxd3 Bc8 17. Bg5 Be6 18. Nf5 Bxf5 19. exf5 Nb7 20. Bxf6 Bxf6 21. Bd5
Nc5 22. Qc2 Rc8 23. Nd2 1/2-1/2

[Event "Budapest Tungsram"]
[Site "Budapest"]
[Date "1978.??.??"]
[Round "?"]
[White "Adorjan, Andras"]
[Black "Malich, Burkhard"]
[Result "1/2-1/2"]
[WhiteElo "2515"]
[BlackElo "2535"]
[PlyCount "31"]
[EventDate "1978.08.??"]
[EventType "tourn"]
[EventRounds "15"]
[EventCountry "HUN"]
[EventCategory "9"]
[Source "ChessBase"]
[SourceDate "1999.07.01"]
[WhiteTeamCountry "CSR"]
[BlackTeamCountry "HUN"]

1. c4 Nf6 2. Nc3 c6 3. d4 d5 4. Nf3 e6 5. Bg5 Nbd7 6. e3 Be7 7. Rc1 O-O 8. a4
Ne4 9. Bxe7 Qxe7 10. Be2 Nxc3 11. bxc3 b6 12. O-O Bb7 13. Qc2 dxc4 14. Bxc4 c5
15. Be2 e5 16. a5 1/2-1/2

[Event "Budapest Tungsram"]
[Site "Budapest"]
[Date "1978.??.??"]
[Round "?"]
[White "Adorjan, Andras"]
[Black "Mednis, Edmar John"]
[Result "1-0"]
[WhiteElo "2515"]
[BlackElo "2460"]
[Annotator "Dolmatov"]
[PlyCount "81"]
[EventDate "1978.08.??"]
[EventType "tourn"]
[EventRounds "15"]
[EventCountry "HUN"]
[EventCategory "9"]
[Source "ChessBase"]
[SourceDate "1999.07.01"]
[WhiteTeamCountry "CSR"]
[BlackTeamCountry "HUN"]

1. e4 c5 2. Nf3 Nc6 3. Bb5 g6 4. O-O Bg7 5. Re1 e5 6. Bxc6 dxc6 (6... bxc6 7.
c3 d6 8. d4 cxd4 9. cxd4 exd4 10. Nxd4 Ne7 $13) 7. d3 Qe7 8. Nbd2 Nh6 9. Nc4 f6
10. b4 Be6 (10... cxb4 11. a3 b5 12. Na5 (12. Ne3 $2 bxa3 13. Bxa3 b4 14. Bb2
O-O $15) 12... c5 13. axb4 cxb4 $13) 11. bxc5 Bxc4 12. dxc4 Qxc5 13. Qd3 Qe7
14. a4 Qd7 15. Qb3 $14 O-O 16. Ba3 Rfd8 17. Rab1 b6 (17... Rab8 $5 18. c5+ Qf7
$14) 18. c5+ Kh8 (18... Nf7 $32 19. h3 Bf8) 19. h3 Rab8 20. cxb6 Rxb6 (20...
axb6 $32) 21. Qc4 Qf7 $2 (21... Qb7 $32 22. Rxb6 axb6) 22. Qxf7 Nxf7 23. Rxb6
axb6 24. Rb1 Rb8 25. Bc5 $18 b5 26. c4 Bf8 27. Bxf8 Rxf8 28. cxb5 cxb5 29. axb5
Nd6 30. Nd2 Rd8 31. b6 Nb7 32. Nf1 f5 33. exf5 gxf5 34. Ng3 f4 35. Ne4 Kg7 36.
Rc1 Na5 37. Rc5 Nb3 38. Rxe5 Kf7 39. b7 Rb8 40. Nd6+ Kf6 41. Re8 1-0

[Event "Budapest Tungsram"]
[Site "Budapest"]
[Date "1978.??.??"]
[Round "?"]
[White "Adorjan, Andras"]
[Black "Portisch, Ferenc"]
[Result "1/2-1/2"]
[WhiteElo "2515"]
[BlackElo "2450"]
[PlyCount "33"]
[EventDate "1978.08.??"]
[EventType "tourn"]
[EventRounds "15"]
[EventCountry "HUN"]
[EventCategory "9"]
[Source "ChessBase"]
[SourceDate "1999.07.01"]
[WhiteTeamCountry "CSR"]
[BlackTeamCountry "HUN"]

1. e4 e6 2. d4 d5 3. Nd2 c5 4. Ngf3 Nc6 5. exd5 exd5 6. Bb5 Bd6 7. dxc5 Bxc5 8.
O-O Nge7 9. Nb3 Bd6 10. Re1 O-O 11. Bg5 Qc7 12. c3 Bg4 13. h3 Bh5 14. Be2 Bg6
15. Bd3 Bh5 16. Be2 Bg6 17. Bd3 1/2-1/2

[Event "Budapest Tungsram"]
[Site "Budapest"]
[Date "1978.??.??"]
[Round "?"]
[White "Adorjan, Andras"]
[Black "Ree, Hans"]
[Result "1/2-1/2"]
[WhiteElo "2515"]
[BlackElo "2500"]
[PlyCount "28"]
[EventDate "1978.08.??"]
[EventType "tourn"]
[EventRounds "15"]
[EventCountry "HUN"]
[EventCategory "9"]
[Source "ChessBase"]
[SourceDate "1999.07.01"]
[WhiteTeamCountry "CSR"]
[BlackTeamCountry "HUN"]

1. Nf3 Nf6 2. c4 b6 3. g3 Bb7 4. Bg2 c5 5. O-O g6 6. b3 Bg7 7. Bb2 O-O 8. Nc3
Na6 9. d4 d5 10. dxc5 Nxc5 11. Nxd5 Nxd5 12. Bxg7 Kxg7 13. cxd5 Qxd5 14. Qxd5
Bxd5 1/2-1/2

[Event "Budapest Tungsram"]
[Site "Budapest"]
[Date "1978.??.??"]
[Round "?"]
[White "Barczay, Laszlo"]
[Black "Adorjan, Andras"]
[Result "0-1"]
[WhiteElo "2465"]
[BlackElo "2515"]
[PlyCount "50"]
[EventDate "1978.08.??"]
[EventType "tourn"]
[EventRounds "15"]
[EventCountry "HUN"]
[EventCategory "9"]
[Source "ChessBase"]
[SourceDate "1999.07.01"]
[WhiteTeamCountry "CSR"]
[BlackTeamCountry "HUN"]

1. e4 c5 2. Nf3 Nc6 3. Nc3 g6 4. d4 cxd4 5. Nxd4 Bg7 6. Be3 Nf6 7. Be2 O-O 8.
Qd2 d5 9. exd5 Nxd5 10. Nxc6 bxc6 11. Rd1 Be6 12. Bd4 Bxd4 13. Qxd4 Qa5 14. Qa4
Qb6 15. Qa3 Rfb8 16. Na4 Qa5+ 17. Rd2 Rb4 18. Nc3 Qxa3 19. bxa3 Rb2 20. Ne4
Rxa2 21. c4 Ra1+ 22. Rd1 Rxd1+ 23. Bxd1 Nf4 24. g3 Nd3+ 25. Kd2 Rd8 0-1

[Event "Budapest Tungsram"]
[Site "Budapest"]
[Date "1978.??.??"]
[Round "?"]
[White "Fernandez, Juan C"]
[Black "Adorjan, Andras"]
[Result "1/2-1/2"]
[WhiteElo "2370"]
[BlackElo "2515"]
[PlyCount "35"]
[EventDate "1978.08.??"]
[EventType "tourn"]
[EventRounds "15"]
[EventCountry "HUN"]
[EventCategory "9"]
[Source "ChessBase"]
[SourceDate "1999.07.01"]
[WhiteTeamCountry "CSR"]
[BlackTeamCountry "HUN"]

1. Nf3 g6 2. e4 Bg7 3. d4 d6 4. Be2 Nf6 5. Nc3 O-O 6. O-O Bg4 7. Be3 Nc6 8. Qd2
e5 9. d5 Ne7 10. Rad1 Bd7 11. h3 b5 12. a3 a5 13. b4 Qb8 14. Qd3 axb4 15. axb4
Ra3 16. Ra1 Rxc3 17. Qxc3 Nxe4 18. Qb3 1/2-1/2

[Event "Budapest Tungsram"]
[Site "Budapest"]
[Date "1978.??.??"]
[Round "?"]
[White "Jansa, Vlastimil"]
[Black "Adorjan, Andras"]
[Result "0-1"]
[WhiteElo "2505"]
[BlackElo "2515"]
[PlyCount "134"]
[EventDate "1978.08.??"]
[EventType "tourn"]
[EventRounds "15"]
[EventCountry "HUN"]
[EventCategory "9"]
[Source "ChessBase"]
[SourceDate "1999.07.01"]
[WhiteTeamCountry "CSR"]
[BlackTeamCountry "HUN"]

1. Nf3 Nf6 2. g3 b6 3. Bg2 Bb7 4. c4 e6 5. O-O Be7 6. b3 O-O 7. Bb2 c5 8. Nc3
d5 9. cxd5 Nxd5 10. Nxd5 Bxd5 11. d4 Bf6 12. Qd3 Nd7 13. Rad1 cxd4 14. Bxd4 Rc8
15. e4 Bb7 16. Ba1 Rc7 17. e5 Be7 18. Nd2 Bxg2 19. Kxg2 Nxe5 20. Qxd8 Rxd8 21.
Bxe5 Rcd7 22. Bc3 Bf6 $17 23. Rc1 Bxc3 24. Rxc3 Rxd2 25. a4 g5 26. Rc7 R8d7 27.
Rfc1 Kg7 28. h3 h6 29. R1c4 R7d5 30. g4 Rd7 31. b4 R2d4 32. Rc3 Kf6 33. a5 bxa5
34. bxa5 R4d5 35. a6 R5d6 36. Rb7 Ke7 37. Rcc7 Rxc7 38. Rxc7+ Rd7 39. Rc6 Kd8
40. Kf3 Rc7 41. Rd6+ Ke7 42. Rd3 Rc6 43. Ra3 Kf6 44. Kg3 Kg6 45. h4 gxh4+ 46.
Kxh4 Rc4 47. Kg3 f6 48. Rd3 Rc6 49. Ra3 h5 50. gxh5+ Kxh5 51. Ra5+ Kg6 52. Ra3
Kf5 53. Ra5+ Ke4 54. Kg4 Kd4 55. Ra2 Kc5 56. Kh5 Kb5 57. Kg6 f5 58. Kf6 Rxa6
59. Rb2+ Kc4 60. Rb7 Kd5 61. Rb5+ Ke4 62. Rb4+ Kf3 63. Rb2 Rb6 64. Ra2 a5 65.
Rxa5 Kxf2 66. Kg5 Rb3 67. Ra4 Kg3 0-1

[Event "Budapest Tungsram"]
[Site "Budapest"]
[Date "1978.??.??"]
[Round "?"]
[White "Kuzmin, Gennadi"]
[Black "Adorjan, Andras"]
[Result "1-0"]
[WhiteElo "2560"]
[BlackElo "2515"]
[PlyCount "87"]
[EventDate "1978.08.??"]
[EventType "tourn"]
[EventRounds "15"]
[EventCountry "HUN"]
[EventCategory "9"]
[Source "ChessBase"]
[SourceDate "1999.07.01"]
[WhiteTeamCountry "CSR"]
[BlackTeamCountry "HUN"]

1. e4 d6 2. d4 Nf6 3. Nc3 g6 4. Bf4 Bg7 5. Qd2 O-O 6. O-O-O c6 7. Bh6 Qa5 8.
Bxg7 Kxg7 9. f4 Be6 10. a3 b5 11. e5 Nd5 12. Nge2 Nd7 13. Nxd5 Qxd2+ 14. Rxd2
Bxd5 15. Nc3 Nb6 16. Nxd5 Nxd5 17. g3 a5 18. Bg2 Rfd8 19. Re1 e6 20. Rd3 Rac8
21. Rf1 h6 22. Kb1 Rc7 23. Rc1 b4 24. c4 bxc3 25. Bxd5 cxd5 26. Rdxc3 Rb7 27.
Rc7 Rb5 28. Rc8 Rxc8 29. Rxc8 dxe5 30. fxe5 Rb3 31. Rc5 Rd3 32. Rxa5 Rxd4 33.
b4 Rc4 34. Rc5 Rxc5 35. bxc5 Kf8 36. a4 Ke7 37. a5 Kd7 38. a6 Kc7 39. Kc2 Kc6
40. Kc3 Kc7 41. Kb4 Kc6 42. g4 g5 43. h3 Kc7 44. Kb5 1-0

[Event "Budapest Tungsram"]
[Site "Budapest"]
[Date "1978.??.??"]
[Round "?"]
[White "Regan, Kenneth"]
[Black "Adorjan, Andras"]
[Result "1/2-1/2"]
[WhiteElo "2430"]
[BlackElo "2515"]
[PlyCount "61"]
[EventDate "1978.08.??"]
[EventType "tourn"]
[EventRounds "15"]
[EventCountry "HUN"]
[EventCategory "9"]
[Source "ChessBase"]
[SourceDate "1999.07.01"]
[WhiteTeamCountry "CSR"]
[BlackTeamCountry "HUN"]

1. e4 c5 2. Nf3 Nc6 3. c3 Nf6 4. e5 Nd5 5. d4 cxd4 6. cxd4 d6 7. Bc4 Nb6 8. Bb5
dxe5 9. Nxe5 Bd7 10. Bxc6 Bxc6 11. Nxc6 bxc6 12. O-O g6 13. Re1 Bg7 14. Bg5 O-O
15. Bxe7 Qxd4 16. Nc3 Qxd1 17. Raxd1 Rfe8 18. Kf1 Nc4 19. Rd7 f5 20. Na4 Nxb2
21. Nxb2 Bxb2 22. Rb1 Rab8 23. Rxa7 Bd4 24. Rab7 Ra8 25. a3 c5 26. Rc7 Rxa3 27.
Bxc5 Rc3 28. Bb6 Rb8 29. Rxc3 Bxc3 30. Rc1 Rxb6 31. Rxc3 1/2-1/2

[Event "Budapest Tungsram"]
[Site "Budapest"]
[Date "1978.??.??"]
[Round "?"]
[White "Vadasz, Laszlo"]
[Black "Adorjan, Andras"]
[Result "1/2-1/2"]
[WhiteElo "2505"]
[BlackElo "2515"]
[PlyCount "26"]
[EventDate "1978.08.??"]
[EventType "tourn"]
[EventRounds "15"]
[EventCountry "HUN"]
[EventCategory "9"]
[Source "ChessBase"]
[SourceDate "1999.07.01"]
[WhiteTeamCountry "CSR"]
[BlackTeamCountry "HUN"]

1. Nf3 g6 2. e4 Bg7 3. d4 d6 4. Nc3 Nf6 5. Be2 O-O 6. O-O Nc6 7. h3 e5 8. dxe5
Nxe5 9. Nxe5 dxe5 10. Qxd8 Rxd8 11. Be3 b6 12. Rfd1 Bb7 13. f3 a6 1/2-1/2

[Event "Buenos Aires ol (Men)"]
[Site "Buenos Aires"]
[Date "1978.10.28"]
[Round "4"]
[White "Adorjan, Andras"]
[Black "Bellon Lopez, Juan Manuel"]
[Result "1/2-1/2"]
[WhiteElo "2515"]
[BlackElo "2475"]
[PlyCount "53"]
[EventDate "1978.10.25"]
[EventType "swiss ()"]
[EventRounds "14"]
[EventCountry "ARG"]
[Source "ChessBase"]
[SourceDate "1999.11.16"]
[WhiteTeam "Hungary"]
[BlackTeam "Spain"]
[WhiteTeamCountry "HUN"]
[BlackTeamCountry "ESP"]

1. e4 c6 2. d4 d5 3. Nd2 dxe4 4. Nxe4 Nf6 5. Nxf6+ gxf6 6. c3 Bf5 7. Ne2 Nd7 8.
Ng3 Bg6 9. h4 h5 10. Be2 Qa5 11. b4 Qc7 12. Nxh5 a5 13. Nf4 axb4 14. Nxg6 fxg6
15. cxb4 e5 16. b5 Bb4+ 17. Bd2 Qd6 18. bxc6 bxc6 19. dxe5 Nxe5 20. Bxb4 Qxb4+
21. Qd2 Rxh4 22. Qxb4 Rxh1+ 23. Kd2 Rxa1 24. Bc4 Nxc4+ 25. Qxc4 R8xa2+ 26. Ke3
Re1+ 27. Kf3 1/2-1/2

[Event "Buenos Aires ol (Men)"]
[Site "Buenos Aires"]
[Date "1978.11.01"]
[Round "7"]
[White "Adorjan, Andras"]
[Black "Kristiansen, Jens"]
[Result "1/2-1/2"]
[WhiteElo "2515"]
[BlackElo "2395"]
[PlyCount "51"]
[EventDate "1978.10.25"]
[EventType "swiss ()"]
[EventRounds "14"]
[EventCountry "ARG"]
[Source "ChessBase"]
[SourceDate "1999.11.16"]
[WhiteTeam "Hungary"]
[BlackTeam "Denmark"]
[WhiteTeamCountry "HUN"]
[BlackTeamCountry "DEN"]

1. c4 g6 2. Nc3 Bg7 3. g3 d6 4. Bg2 e5 5. e3 Nf6 6. Nge2 O-O 7. O-O c6 8. e4
Be6 9. d3 Nh5 10. Be3 f5 11. exf5 gxf5 12. f4 Nd7 13. Qd2 Kh8 14. Rae1 Ndf6 15.
h3 Qe7 16. b3 Qf7 17. Kh2 Qg6 18. Bf3 Rg8 19. Rg1 Bf8 20. Nd1 Be7 21. Nf2 Qf7
22. Qb2 Nd7 23. Nd4 Ng7 24. Nxe6 Nxe6 25. g4 Bf6 26. gxf5 1/2-1/2

[Event "Buenos Aires ol (Men)"]
[Site "Buenos Aires"]
[Date "1978.11.04"]
[Round "10"]
[White "Pfleger, Helmut"]
[Black "Adorjan, Andras"]
[Result "1/2-1/2"]
[WhiteElo "2530"]
[BlackElo "2515"]
[PlyCount "68"]
[EventDate "1978.10.25"]
[EventType "swiss ()"]
[EventRounds "14"]
[EventCountry "ARG"]
[Source "ChessBase"]
[SourceDate "1999.11.16"]
[WhiteTeam "Germany"]
[BlackTeam "Hungary"]
[WhiteTeamCountry "GER"]
[BlackTeamCountry "HUN"]

1. Nf3 g6 2. d4 Bg7 3. e4 d6 4. Be2 Nf6 5. Nc3 O-O 6. O-O Bg4 7. Be3 Nc6 8. Qd2
e5 9. d5 Ne7 10. Rad1 Bd7 11. Ne1 Ng4 12. Bxg4 Bxg4 13. f3 Bd7 14. f4 Bg4 15.
Nf3 f5 16. fxe5 dxe5 17. h3 Bxf3 18. Rxf3 Qd7 19. Qd3 Nc8 20. Qb5 Qxb5 21. Nxb5
Rf7 22. c4 Nd6 23. Nxd6 cxd6 24. Rdf1 f4 25. Bf2 Rc7 26. Rc1 b6 27. b4 Bf8 28.
Rfc3 Rac8 29. Kf1 g5 30. Ke2 h5 31. a4 g4 32. Kd3 Be7 33. Ra1 Rb7 34. Rc2 Bd8
1/2-1/2

[Event "Warsaw zt final"]
[Site "Warsaw"]
[Date "1979.??.??"]
[Round "1"]
[White "Adorjan, Andras"]
[Black "Sznapik, Aleksander"]
[Result "1-0"]
[WhiteElo "2525"]
[BlackElo "2435"]
[PlyCount "65"]
[EventDate "1979.01.??"]
[EventType "tourn"]
[EventRounds "7"]
[EventCountry "POL"]
[EventCategory "11"]
[Source "ChessBase"]
[SourceDate "1999.07.01"]
[WhiteTeamCountry "GER"]
[BlackTeamCountry "HUN"]

1. c4 g6 2. Nc3 c5 3. g3 Bg7 4. Bg2 Nc6 5. Rb1 e6 6. a3 a5 7. e4 Nge7 8. Nge2
O-O 9. O-O d6 10. d3 Bd7 11. Nb5 Qb6 12. Bg5 h6 13. Be3 d5 14. exd5 exd5 15.
Nec3 Nd4 16. Bxd4 cxd4 17. Nxd5 Nxd5 18. Bxd5 Rad8 19. b4 a4 20. Qf3 Bc6 21.
Bxc6 bxc6 22. Nd6 Be5 23. c5 Qa6 24. Nc4 Bb8 25. Rfe1 h5 26. Re7 h4 27. Nb6 Bd6
28. Rd7 hxg3 29. hxg3 Be5 30. Re1 Bd6 31. Qf6 Rxd7 32. Nxd7 Qc8 33. Qxd6 1-0

[Event "Warsaw zt final"]
[Site "Warsaw"]
[Date "1979.??.??"]
[Round "4"]
[White "Adorjan, Andras"]
[Black "Ghinda, Mihail Viorel"]
[Result "1/2-1/2"]
[WhiteElo "2525"]
[BlackElo "2455"]
[PlyCount "35"]
[EventDate "1979.01.??"]
[EventType "tourn"]
[EventRounds "7"]
[EventCountry "POL"]
[EventCategory "11"]
[Source "ChessBase"]
[SourceDate "1999.07.01"]
[WhiteTeamCountry "GER"]
[BlackTeamCountry "HUN"]

1. c4 g6 2. Nc3 Bg7 3. g3 e5 4. Bg2 d6 5. e4 Nf6 6. Nge2 O-O 7. O-O c6 8. d3 a6
9. h3 b5 10. Be3 Bb7 11. Qd2 Nbd7 12. b3 Nb6 13. Rac1 Re8 14. Kh2 Rb8 15. f4
exf4 16. gxf4 bxc4 17. bxc4 c5 18. Rb1 1/2-1/2

[Event "Warsaw zt final"]
[Site "Warsaw"]
[Date "1979.??.??"]
[Round "5"]
[White "Smejkal, Jan"]
[Black "Adorjan, Andras"]
[Result "1/2-1/2"]
[WhiteElo "2550"]
[BlackElo "2525"]
[PlyCount "26"]
[EventDate "1979.01.??"]
[EventType "tourn"]
[EventRounds "7"]
[EventCountry "POL"]
[EventCategory "11"]
[Source "ChessBase"]
[SourceDate "1999.07.01"]
[WhiteTeamCountry "GER"]
[BlackTeamCountry "HUN"]

1. Nf3 g6 2. c4 Bg7 3. d4 Nf6 4. g3 O-O 5. Bg2 d6 6. O-O Nc6 7. Nc3 a6 8. d5
Na5 9. Nd2 c5 10. Qc2 Rb8 11. b3 b5 12. Bb2 e5 13. Rae1 Nh5 1/2-1/2

[Event "Warsaw zt final"]
[Site "Warsaw"]
[Date "1979.??.??"]
[Round "6"]
[White "Adorjan, Andras"]
[Black "Prandstetter, Eduard"]
[Result "1/2-1/2"]
[WhiteElo "2525"]
[BlackElo "2385"]
[PlyCount "20"]
[EventDate "1979.01.??"]
[EventType "tourn"]
[EventRounds "7"]
[EventCountry "POL"]
[EventCategory "11"]
[Source "ChessBase"]
[SourceDate "1999.07.01"]
[WhiteTeamCountry "GER"]
[BlackTeamCountry "HUN"]

1. e4 e6 2. Nf3 d5 3. Nc3 Nf6 4. e5 Nfd7 5. d4 c5 6. dxc5 Nc6 7. Bf4 Bxc5 8.
Bd3 f6 9. exf6 Nxf6 10. O-O O-O 1/2-1/2

[Event "Warsaw zt final"]
[Site "Warsaw"]
[Date "1979.??.??"]
[Round "7"]
[White "Gheorghiu, Florin"]
[Black "Adorjan, Andras"]
[Result "1/2-1/2"]
[WhiteElo "2540"]
[BlackElo "2525"]
[PlyCount "28"]
[EventDate "1979.01.??"]
[EventType "tourn"]
[EventRounds "7"]
[EventCountry "POL"]
[EventCategory "11"]
[Source "ChessBase"]
[SourceDate "1999.07.01"]
[WhiteTeamCountry "GER"]
[BlackTeamCountry "HUN"]

1. e4 e5 2. Nf3 Nc6 3. Bb5 a6 4. Ba4 Nf6 5. O-O Be7 6. Re1 b5 7. Bb3 O-O 8. d4
d6 9. c3 Bg4 10. d5 Na5 11. Bc2 c6 12. dxc6 Qc7 13. Nbd2 Rad8 14. h3 Bh5
1/2-1/2

[Event "Warsaw zt-B"]
[Site "Warsaw"]
[Date "1979.??.??"]
[Round "1"]
[White "Adorjan, Andras"]
[Black "Sax, Gyula"]
[Result "1/2-1/2"]
[WhiteElo "2525"]
[BlackElo "2590"]
[PlyCount "36"]
[EventDate "1979.01.??"]
[EventType "tourn"]
[EventRounds "9"]
[EventCountry "POL"]
[EventCategory "10"]
[Source "ChessBase"]
[SourceDate "1999.07.01"]
[WhiteTeamCountry "GER"]
[BlackTeamCountry "HUN"]

1. Nf3 Nf6 2. c4 b6 3. Nc3 Bb7 4. g3 e6 5. Bg2 Be7 6. O-O O-O 7. d4 Ne4 8. Nxe4
Bxe4 9. Nh4 Bxg2 10. Nxg2 d5 11. Qa4 Qd7 12. Qxd7 Nxd7 13. cxd5 exd5 14. Nf4
Nf6 15. Be3 c5 16. dxc5 bxc5 17. Rfd1 Rfd8 18. Rac1 Rac8 1/2-1/2

[Event "Warsaw zt-B"]
[Site "Warsaw"]
[Date "1979.??.??"]
[Round "2"]
[White "Kuligowski, Adam"]
[Black "Adorjan, Andras"]
[Result "0-1"]
[WhiteElo "2495"]
[BlackElo "2525"]
[PlyCount "62"]
[EventDate "1979.01.??"]
[EventType "tourn"]
[EventRounds "9"]
[EventCountry "POL"]
[EventCategory "10"]
[Source "ChessBase"]
[SourceDate "1999.07.01"]
[WhiteTeamCountry "GER"]
[BlackTeamCountry "HUN"]

1. c4 g6 2. e4 e5 3. d4 Nf6 4. Nf3 Bb4+ 5. Bd2 Bxd2+ 6. Qxd2 Nxe4 7. Qh6 exd4
8. Bd3 Nc5 9. O-O d6 10. Re1+ Be6 11. Qg7 Rf8 12. Nxd4 Nbd7 13. Nxe6 Nxe6 14.
Nc3 Ne5 15. Qxh7 Nxd3 16. Rxe6+ fxe6 17. Qxg6+ Kd7 18. Qxd3 Qf6 19. Rf1 Rad8
20. Qe3 Qf4 21. Qe2 Rf5 22. f3 Qd4+ 23. Kh1 Rh8 24. g3 Rfh5 25. Rf2 Rc5 26. Ne4
Rxc4 27. Qf1 Rb4 28. Qc1 Qe5 29. Rc2 c6 30. Re2 Kc7 31. Qd2 Rd4 0-1

[Event "Warsaw zt-B"]
[Site "Warsaw"]
[Date "1979.??.??"]
[Round "3"]
[White "Adorjan, Andras"]
[Black "Smejkal, Jan"]
[Result "1/2-1/2"]
[WhiteElo "2525"]
[BlackElo "2550"]
[PlyCount "23"]
[EventDate "1979.01.??"]
[EventType "tourn"]
[EventRounds "9"]
[EventCountry "POL"]
[EventCategory "10"]
[Source "ChessBase"]
[SourceDate "1999.07.01"]
[WhiteTeamCountry "GER"]
[BlackTeamCountry "HUN"]

1. c4 g6 2. Nc3 Bg7 3. g3 e5 4. Bg2 d6 5. e4 Nc6 6. Nge2 h5 7. h4 Bg4 8. f3 Be6
9. d3 Qd7 10. Be3 Nd4 11. O-O c5 12. Qd2 1/2-1/2

[Event "Warsaw zt-B"]
[Site "Warsaw"]
[Date "1979.??.??"]
[Round "5"]
[White "Adorjan, Andras"]
[Black "Sikora Lerch, Jan"]
[Result "1/2-1/2"]
[WhiteElo "2525"]
[BlackElo "2430"]
[PlyCount "71"]
[EventDate "1979.01.??"]
[EventType "tourn"]
[EventRounds "9"]
[EventCountry "POL"]
[EventCategory "10"]
[Source "ChessBase"]
[SourceDate "1999.07.01"]
[WhiteTeamCountry "GER"]
[BlackTeamCountry "HUN"]

1. e4 c5 2. Nf3 g6 3. c3 Bg7 4. d4 cxd4 5. cxd4 Nf6 6. e5 Ne4 7. Bd3 d5 8. Nc3
Nxc3 9. bxc3 Nc6 10. O-O O-O 11. h3 Bf5 12. Bxf5 gxf5 13. Re1 e6 14. Bg5 Qd7
15. Qd2 Kh8 16. Re2 Ne7 17. Bf6 Rg8 18. Bg5 Qe8 19. a4 Rc8 20. a5 Qf8 21. Qe3
h6 22. Bf4 Ng6 23. Rb2 Nxf4 24. Qxf4 Qe7 25. Rab1 Rc7 26. Rb3 Kh7 27. Qc1 Rb8
28. Qa3 Qxa3 29. Rxa3 Bf8 30. Rab3 Be7 31. Kf1 Kg7 32. Ke2 Bd8 33. Ne1 Rc6 34.
Ra3 Be7 35. Rab3 Bd8 36. Ra3 1/2-1/2